Datum a čas kvízu
40.5
Celkem bodů
Celkový počet nahraných bodů na tomto kvízu bez doplňovacích otázek.
2.
Pořadí na kvízu
Konečné umístění týmu na tomto kvízu.
Zaznamenané odpovědi
| # | Otázka | Odpověď | Body | Výsledky |
|---|---|---|---|---|
| 1. | Ve vládě premiéra Petra Fialy... | Helena Langšádlová | 1 | |
| 2. | V noci ze středy na čtvrtek do... | Moulin Rouge | 1 | |
| 3. | Mezinárodní filmový festival K... | Ivan Trojan | 1 | |
| 4. | Minulý týden jsme se dozvěděli... | Datart | 1 | |
| 5. | Jak se jmenuje muž, který byl... | Libor Zábranský | 1 | |
| 6. | Bešamelová omáčka se standardn... | muškátovým oříškem/květem | 0 | |
| 7. | Napište zakrytou značku zobraz... | Kikkoman | 0 | |
| 8. | Když se řekne omáčka, určitě s... | 15 | 1 | |
| 9. | Město Worcester dalo jméno jed... | C; čertovo lejno | 0.5 | |
| 10. | Jak se označuje tato omáčka (z... | holandská omáčka; vejce Benedikt | 1 |